| 000 | 02952nam0a2200409 4500 | ||
|---|---|---|---|
| 001 | RU\NLR\BIBL_A\022352081 | ||
| 005 | 20260420015833.0 | ||
| 010 |
_a978-5-91326-830-3 _9500 |
||
| 021 |
_aRU _bКН-П-24-051935 _9КН-П-24-5165 |
||
| 035 | _a(NLR Aleph) 022352081 | ||
| 090 |
_a13667391 _c13667391 |
||
| 100 | _a20241014d2023 k y0rusy50 ca | ||
| 101 | 0 |
_arus _deng |
|
| 102 | _aRU | ||
| 105 | _aa z 000yy | ||
| 181 | 0 |
_ai3 _baxxe |
|
| 182 | 0 | _an | |
| 200 | 1 |
_aСоциология в оценке и анализе развития современного общества _eмонография _fА. М. Бекарев, Г. С. Пак, Е. Ю. Бикметов [и др.] _gнаучный редактор: Саралиева Зарэтхан Хаджи-Мурзаевна - доктор исторических наук, профессор _gМинистерство науки и высшего образования РФ, Федеральное государственное автономное образовательное учреждение высшего образования "Национальный исследовательский Нижегородский государственный университет им. Н. И. Лобачевского" |
|
| 203 |
_aТекст _bвизуальный _cнепосредственный |
||
| 210 |
_aНижний Новгород _cИзд-во Нижегородского госуниверситета им. Н. И. Лобачевского _d2023 |
||
| 215 |
_a193 с. _cил., табл. _d20 |
||
| 300 | _aНа 8-й, 36-й с. авт.: Бекарев А. М. - д-р филос. наук, проф., Пак Г. С. - д-р филос. наук, проф., Бикметов Е. Ю. - д-р социол. наук, проф. [и др.] | ||
| 300 | _aАвт. указаны на обороте тит. с. | ||
| 300 | _aРез. на англ. яз. | ||
| 320 | _aБиблиогр. в конце гл. | ||
| 606 | 1 |
_aОбщественное развитие _xСоциологические исследования _yРоссийская Федерация _91708726 _3RU\NLR\AUTH\661059029 |
|
| 686 | 1 | _aС59(2)7 | |
| 701 | 1 |
_aБекарев _bА. М. _gАдриан Михайлович |
|
| 701 | 1 |
_aПак _bГ. С. _gГалина Станиславовна |
|
| 701 | 1 |
_aБикметов _bЕ. Ю. _gЕвгений Юрьевич |
|
| 702 | 1 |
_4340 _7ca _8rus _aСаралиева _bЗ. Х.-М. _gЗарэтхан Хаджи-Мурзаевна _9121770 _3RU\NLR\AUTH\7712039 |
|
| 712 | 0 | 2 |
_4475 _aНациональный исследовательский Нижегородский государственный университет им. Н. И. Лобачевского _92643385 _3RU\NLR\AUTH\880617520 |
| 942 | _cBOOK | ||
| 980 | _aNB | ||